000 00300nam a22001337a 4500
008 170203b xxu||||| |||| 00| 0 eng d
020 _a9780702025020
041 _aeng
080 _26TH
_a61
100 _a3
101 _aSHM
245 _aLIVER BIOPSY INTERPRETATION
_cSCHEUER, P.J
942 _2udc
_cBK
999 _c4473
_d4473